000 02003cam a2200361 i 4500
001 18222060
003 Nust- CAS-E
005 20180118181410.0
008 140711s2015 njua b 001 0 eng
010 _a 2014025598
020 _a9781118864630 (hardback)
020 _z9781118981115 (ePub)
040 _aDLC
_beng
_cDLC
_erda
_dDLC
042 _apcc
050 0 0 _aTJ163.5.D38
_bP54 2015
082 0 0 _a621.39
_223
_bLAR 2015
084 _aCOM051220
_2bisacsh
100 1 _aPierson, Jean-Marc.
245 1 0 _aLarge-scale distributed systems and energy efficiency :
_ba holistic view /
_cedited by Jean-Marc Pierson.
300 _axvii, 312 pages :
_billustrations ;
_c25 cm.
490 0 _aWiley series on parallel and distributed computing
502 _a0
504 _aIncludes bibliographical references and indexes.
520 _a"This book discusses energy efficiency in large-scale systems. It provides an overview of current energy-reducing technologies and the energy consumption method, addressing topics such as cloud computing, high-performance computing, networks and more. The book begins with an introduction to energy demands in ICT. It then covers topics like green wired/wireless networks, mobile computing, power modeling, green data centers and high-performance computing, resource allocation and energy efficiency in P2P systems"--
650 0 _aData processing service centers
_xEnergy conservation.
650 0 _aElectronic data processing
_xDistributed processing
_xEnergy conservation.
650 0 _aComputer networks
_xEnergy conservation.
650 7 _aCOMPUTERS / Programming / Parallel.
_2bisacsh
776 0 8 _iOnline version:
_aPierson, Jean-Marc.
_tLarge-scale distributed systems and energy efficiency
_dHoboken, NJ : John Wiley & Sons Inc., 2015
_z9781118959121
_w(DLC) 2014028276
906 _a7
_bcbc
_corignew
_d1
_eecip
_f20
_gy-gencatlg
942 _2ddc
_cBK
999 _c355703
_d355703